=LDR 00000nam 2200000 4500 =001 INLIS000000000013311 =005 20130612104726 =008 ***********************************Ind** =035 ##$$0010-061300000013311 =041 ##$$a Ind =082 ##$$a 372.9 =090 ##$$a 372.9, Baf p =100 ##$$a Bafadal, Ibrahim =245 ##$$a Peningkatan profesionalisme guru sekolah dasar, Dr.Ibrahim Bafadal,M.Pd =260 ##$$a 2003 $b Jakarta =300 ##$$a 112 hlm, 23 cm =650 ##$$a Pendidikan dasar - Guru =850 ##$$a NBPNMAT